000 02272nam0a2200361 i 4500
001 RU\NLR\BIBL_A\010356944
005 20260406010209.0
010 _a9785696044781
_950
021 _aRU
_b2014-15846
_91014
035 _a(NILC)RuMoRGB-006755167
035 _a(NLR Aleph) 010356944
090 _a10765821
_c10765821
100 _a20140515d2013 k y0rusy50 ca
101 0 _arus
102 _aRU
105 _ay|||7|||111yy
200 1 _aСовременные проблемы в деятельности правоохранительных органов
_eматериалы 66-й Межвузовской научной студенческой конференции, посвященной 70-летию ЮУрГУ
_f[ред.: С.В. Зуев, д.ю.н.]
210 _aЧелябинск
_cИздательский центр Южно-Уральского государственного университета
_d2013
215 _a50, [2] с.
_d20
300 _aВ надзаг.: М-во образования и науки Рос. Федерации, Юж.-Ур. гос. ун-т, Фак. подгот. сотр. правоохран. органов
320 _aБиблиогр. в конце ст. и в подстроч. примеч.
606 1 _aПравоохранительные органы
_jСъезды, совещания и т.п
_xДеятельность
_yРоссийская Федерация
_92229959
_3RU\NLR\AUTH\661338482
675 _a340(082)
686 1 _aХ629.0я431
702 1 _4340
_7ca
_8rus
_aЗуев
_bС. В.
_cд-р юрид. наук, уголов. процесс
_gСергей Васильевич
_998592
_3RU\NLR\AUTH\77115667
711 1 2 _a"Современные проблемы в деятельности правоохранительных органов", межвузовская научная студенческая конференция
_d66
_eЧелябинск
_f2013
_9402982
_3RU\NLR\AUTH\880368184
801 0 _aRU
_bRuMoRKP
_c20140306
_gRCR
801 2 _aRU
_bРГБ
_c20140404
_grcr
801 1 _aRU
_bRuMoRKP
_c20140306
_2rusmarc
942 _cBOOK
980 _aNBR